Jyotipunj / (Record no. 101076)

MARC details
000 -LEADER
fixed length control field 00811nam a22002297a 4500
005 - DATE AND TIME OF LATEST TRANSACTION
control field 20180403112911.0
010 ## - LCCN (DPL NO)
LC control number ENG-115170 B-690806-807
020 ## - INTERNATIONAL STANDARD BOOK NUMBER
International Standard Book Number 9789351862314
Terms of availability 500.00
035 ## - SYSTEM CONTROL NUMBER
System control number EN-98702
037 ## - SOURCE OF ACQUISITION
Source of stock number/acquisition DBAD/PUB
037 ## - SOURCE OF ACQUISITION
Source of stock number/acquisition Ocean Books
Stock number dpl
082 ## - DEWEY DECIMAL CLASSIFICATION NUMBER
Classification number 808.883
100 ## - MAIN ENTRY--PERSONAL NAME
Personal name Modi,Narendra
245 ## - TITLE STATEMENT
Title Jyotipunj /
Remainder of title by Nrender Modi ; trancleted by A.K. Gandhi
260 ## - PUBLICATION, DISTRIBUTION, ETC. (IMPRINT)
Place of publication, distribution, etc New Delhi
Name of publisher, distributor, etc Prabhat Prakashan
Date of publication, distribution, etc 2015
270 ## - ADDRESS
Address 4/19,Asaf ali Road
City New Delhi
Postal code 110002
300 ## - PHYSICAL DESCRIPTION
Extent 261p. :
Other physical details ill
Dimensions 22cm(Hb)
500 ## - GENERAL NOTE
General note Balidani
700 ## - ADDED ENTRY--PERSONAL NAME
Personal name Gandhi,A.K.
942 ## - ADDED ENTRY ELEMENTS (KOHA)
Source of classification or shelving scheme Dewey Decimal Classification
Item type English Books
Classification part 808.883
Call number suffix MOD
Holdings
Withdrawn status Lost status Not for loan Collection code Home library Current library Date acquired Source of acquisition Cost, normal purchase price Full call number Barcode Copy number Cost, replacement price Koha item type
    Not For Loan Non-fiction D.B.Act.Division Bawana 29/06/2016 DBAD/PUB 500.00 808.883 MOD EN-98702 1 500.00 English Books
      Non-fiction Central Library Central Library 03/04/2018 Ocean Books/BL/19770/01.03.2018/793/19.02.2018/09.03.2018 500.00 808.883 MOD B-690806 1 500.00 English Books
      Non-fiction Sarojini Nagar Sarojini Nagar 03/04/2018 Ocean Books/BL/19770/01.03.2018/793/19.02.2018/09.03.2018 500.00 808.883 MOD B-690807 1 500.00 English Books

© Delhi Public Library
Hit Counter
free hit counter